000 00722nam a2200205 i 4500
001 167212
003 ES-MaACL
005 20250919135046.0
008 050921q1907 sp | |||||||| ||spa d
080 _a821.134.1-14"18"
100 1 _aVerdaguer, Jacint,
_d1845-1902
_9113998
245 1 3 _aLa Atlántida /
_cJacinto Verdaguer ; traducción de Melchor de Palau.
260 _aMadrid ;
_aBarcelona :
_bIbero-Americana,
_c[1907]
300 _a182 p. ;
_c16 cm.
490 1 _aOro viejo y oro nuevo ;
_v11
700 1 _aPalau y Catalá, Melchor de,
_d1843-1910
_9130794
830 1 _aOro viejo y oro nuevo ;
_v11
_9222602
852 4 _aES-MaACL
_jG-10163
_z- Enc. pasta española
999 _c167212
_d167212